| 000 | 01353nam2a22002531 4500 | ||
|---|---|---|---|
| 001 | RU\NLR\Per\653160 | ||
| 005 | 20260407214551.0 | ||
| 035 | _a(NLR Aleph) 002902478 | ||
| 090 |
_a3464520 _c3464520 |
||
| 100 | _a20100125d2008 |||y0rusy50 ca | ||
| 101 | 0 | _arus | |
| 102 | _aRU | ||
| 105 | _ay ||||000|y | ||
| 200 | 1 | _aМатериалы Всероссийской научно-практической конференции Отечественные противоопухолевые препараты, Москва, 17-19 марта 2008 г. | |
| 210 |
_d2008 _aБ. м. |
||
| 461 | 0 |
_1001RU\NLR\INFOCOMM22\5000120017 _12001#$aРоссийский биотерапевтический журнал$eТеорет. и науч.-практ. журн.$vТ. 7, № 1 _93048951 _cМ. _d2002 - _nБ.и. _oТеорет. и науч.-практ. журн. _tРоссийский биотерапевтический журнал _x1726-9784 _vТ. 7, № 1 |
|
| 711 | 1 | 2 |
_a"Отечественные противоопухолевые препараты", всероссийская научно-практическая конференция _d7 _f2008 _eМосква _3RU\NLR\AUTH\8810144300 _9783067 |
| 801 | 1 |
_aRU _bInfoComm _c20050822 |
|
| 801 | 0 |
_aRU _bNLR _gPSBO |
|
| 852 |
_aNLR _jП17/929 |
||
| 942 | _cISSUE | ||
| 980 | _aNB | ||
| 980 | _aRUSPER | ||